Gaming Quiz

Random Gaming or Board Games Quiz

Hearthstone Basic Cards by Full Art (Updated) Quiz Stats

 Plays Quiz not verified by Sporcle

Support Sporcle.
Go Orange.
Score 0/143 Timer 14:00
0 Plays Today
% Correct
Fireball
81%
Backstab
81%
Sprint
81%
Mind Control
78.6%
Hex
78.6%
Innervate
76.2%
Claw
76.2%
Flamestrike
76.2%
Shiv
76.2%
Assassinate
76.2%
Corruption
76.2%
Hellfire
76.2%
Whirlwind
76.2%
Chillwind Yeti
76.2%
Ogre Magi
76.2%
Swipe
73.8%
Hunter's Mark
73.8%
Arcane Missiles
73.8%
Arcane Intellect
73.8%
Water Elemental
73.8%
Fan of Knives
73.8%
Windfury
73.8%
Bloodlust
73.8%
Shield Block
73.8%
Boulderfist Ogre
73.8%
Wild Growth
71.4%
Tracking
71.4%
Arcane Explosion
71.4%
Polymorph
71.4%
Holy Nova
71.4%
Soulfire
71.4%
Execute
71.4%
Magma Rager
71.4%
Frostbolt
69%
Deadly Poison
69%
Sap
69%
Fire Elemental
69%
Mortal Coil
69%
Shadow Bolt
69%
Wolfrider
69%
Animal Companion
66.7%
Kill Command
66.7%
Houndmaster
66.7%
Holy Smite
66.7%
Shadow Word: Pain
66.7%
Flametongue Totem
66.7%
Voidwalker
66.7%
Fiery War Axe
66.7%
% Correct
Moonfire
64.3%
Mirror Image
64.3%
Consecration
64.3%
Mind Vision
64.3%
Assassin's Blade
64.3%
Cleave
64.3%
Elven Archer
64.3%
Novice Engineer
64.3%
Starfire
61.9%
Arcane Shot
61.9%
Frost Nova
61.9%
Blessing of Kings
61.9%
Charge
61.9%
Voodoo Doctor
61.9%
River Crocolisk
61.9%
Gnomish Inventor
61.9%
Lord of the Arena
61.9%
Stormwind Champion
61.9%
War Golem
61.9%
Starving Buzzard
59.5%
Power Word: Shield
59.5%
Dalaran Mage
59.5%
Mark of the Wild
57.1%
Savage Roar
57.1%
Tundra Rhino
57.1%
Shadow Word: Death
57.1%
Frost Shock
57.1%
Rockbiter Weapon
57.1%
Bloodfen Raptor
57.1%
Booty Bay Bodyguard
57.1%
Multi-Shot
54.8%
Sinister Strike
54.8%
Dread Infernal
54.8%
Arcanite Reaper
54.8%
Acidic Swamp Ooze
54.8%
Raid Leader
54.8%
Silverback Patriarch
54.8%
Humility
52.4%
Hammer of Wrath
52.4%
Truesilver Champion
52.4%
Kobold Geomancer
52.4%
Sen'jin Shieldmasta
52.4%
Core Hound
52.4%
Healing Touch
50%
Blessing of Might
50%
Light's Justice
50%
Psychic Conjurer
50%
Heroic Strike
50%
% Correct
Kor'kron Elite
50%
Shattered Sun Cleric
50%
Frostwolf Warlord
50%
Archmage
50%
Timber Wolf
47.6%
Power Infusion
47.6%
Totemic Might
47.6%
Ironfur Grizzly
47.6%
Stormpike Commando
47.6%
Aldrachi Warblades
47.6%
Guardian of Kings
45.2%
Stonetusk Boar
45.2%
Razorfen Hunter
45.2%
Dragonling Mechanic
45.2%
Gurubashi Berserker
45.2%
Nightblade
45.2%
Radiance
42.9%
Sacrificial Pact
40.5%
Warsong Commander
40.5%
Murloc Tidehunter
40.5%
Oasis Snapjaw
40.5%
Windspeaker
38.1%
Drain Life
38.1%
Bluegill Warrior
38.1%
Frostwolf Grunt
38.1%
Stormwind Knight
38.1%
Chaos Strike
38.1%
Chaos Nova
38.1%
Ironbark Protector
35.7%
Holy Light
35.7%
Goldshire Footman
35.7%
Felstalker
33.3%
Soul Cleave
33.3%
Murloc Raider
31%
Reckless Rocketeer
31%
Ancestral Healing
28.6%
Darkscale Healer
28.6%
Glaivebound Adept
28.6%
Inner Demon
28.6%
Hand of Protection
26.2%
Ironforge Rifleman
23.8%
Plaguebringer
21.4%
Grimscale Oracle
19%
Sightless Watcher
19%
Coordinated Strike
19%
Satyr Overseer
14.3%
Shadowhoof Slayer
4.8%

You're not logged in!

Compare scores with friends on all Sporcle quizzes.
OR
Log In

From the Vault

Pick the Johnny Depp Movie

by beforever

Remember that time he ran around with a jar of dirt?
Remove Ads.
Support Sporcle.
Get the best of Sporcle when you Go Orange. This ad-free experience offers more features, more stats, and more fun while also helping to support Sporcle. Thank you for becoming a member.

Show Comments

Extras

Top Quizzes Today


Score Distribution

Your Account Isn't Verified!

In order to create a playlist on Sporcle, you need to verify the email address you used during registration. Go to your Sporcle Settings to finish the process.

Report this User

Report this user for behavior that violates our Community Guidelines.

Details: